A' sokat tapasztalt nevelő beszélgetései, természet-csodái, természet-nevezetességei és művészeti tárgyak felett egy hasznos olvasókönyv mellyel a' magyar ifjúság számára honositott St. J. /

Elmentve itt :
Bibliográfiai részletek
Szerző: Staut József
Dokumentumtípus: Könyv
Megjelent: nyomtatta Werfer Károly [Kassa] Kassán 1838
Kulcsszavak:Pedagógia
Online Access:http://misc.bibl.u-szeged.hu/46079
LEADER 00838nam a2200181 i 4500
001 misc46079
005 20200717143337.0
008 200217s1838 hu o 0|| hun d
040 |a SZTE Miscellanea Repozitórium  |b hun 
041 |a hun 
100 1 |a Staut József 
245 1 0 |a A' sokat tapasztalt nevelő beszélgetései, természet-csodái, természet-nevezetességei és művészeti tárgyak felett   |h [elektronikus dokumentum] :  |b egy hasznos olvasókönyv mellyel a' magyar ifjúság számára honositott St. J. /  |c  Staut József 
260 |a nyomtatta Werfer Károly  |b [Kassa] Kassán  |c 1838 
300 |a [4], 222 p., 1 t. 
561 |a Muzeális dokumentumok 
591 |a A Polg. Isk. Tanárképző Főiskola Földrajzi Tanszéke (pecsét) 
695 |a Pedagógia 
856 4 0 |u http://misc.bibl.u-szeged.hu/46079/1/ra_9115.pdf  |z Dokumentum-elérés